| 000 | 01653cam a2200313 i 4500 | ||
|---|---|---|---|
| 003 | SA-RiAUC | ||
| 005 | 20250220064459.0 | ||
| 008 | 250219s1936 ua g 00000 ara c | ||
| 040 |
_aSA-JeALM _bara _cSA-RiAUC _erda |
||
| 082 | 0 | 4 |
_a811.5 _qSA-RiAUC |
| 090 |
_aن 811.5 _b ا ب و ط |
||
| 100 | 1 |
_aأبو الطيب المتنبي، أحمد بن الحسين بن الحسن، _d303-354 هجري _eمؤلف. |
|
| 245 | 1 | 0 |
_aديوان أبي الطيب المتنبي بشرح أبي البقاء العكبري، المسمى، بالتبيان في شرح الديوان / _cضبطه وصححه ووضع فهارسه مصطفى السقا، إبراهيم الإبياري، عبد الحفيظ شلبي. |
| 246 | 3 | 3 | _aالتبيان في شرح الديوان |
| 246 | 3 | 0 | _aشرح أبي البقاء العكبري، المسمى، بالتبيان في شرح الديوان |
| 246 | 3 | 0 | _aالتبيان في شرح الديوان |
| 264 | 1 |
_aالقاهرة : _bمصطفى البابي الحلبي، _c1936 |
|
| 300 |
_a4 مجلد.؛ _c24 سم. |
||
| 336 |
_aنص _btxt _2rdacontent _3كتاب |
||
| 337 |
_aبدون وسيط _bn _2rdamedia |
||
| 338 |
_aمجلد _bnc _2rdacarrier |
||
| 500 | _aملاحظات من الشيخ رحمه الله في بداية الكتاب | ||
| 650 | 7 |
_aالشعر العربي _yالعصر العباسي _2aucsh |
|
| 700 | 1 |
_aالسقا، مصطفى، _d1895-1969 _eمصحح. |
|
| 700 | 1 |
_aالإبياري، إبراهيم إسماعيل، _d1902-1994 _eمصحح. |
|
| 700 | 1 |
_aشلبي، عبد الحفيظ _eمصحح. |
|
| 942 |
_2ddc _cRARE BOOK _n0 |
||
| 949 |
_aSA-JeALM _d250219 _uosman123 _n1 |
||
| 999 |
_c6103 _d6103 |
||